000 00641nam a2200193 i 4500
001 99347
003 ES-MaACL
005 20230906182501.0
007 t|
008 050907s1925 sp ||||1| spa d
100 1 _aMartín-Granizo, León.
_977517
245 1 4 _aLos Consejos de empresa en Alemania y el control obrero /
_cLeón Martín-Granizo.
260 _aMadrid :
_b[s.n.],
_c1925 (
_fImp. Clásica Española)
300 _a77 p. ;
_c23 cm.
490 1 _aSociedad para el progreso Social Publico ;
_v2
830 0 _aSociedad para el progreso Social Publico ;
_v2
_9232390
852 _aES-MaACL
_j1701-F-12
999 _c99347
_d99347